00691nam a2200229Ia 4500008004100000020001500041050001500056100001600071245002400087245004600111245008600157260001800243260001400261260000900275300002300284300002000307300001100327650002300338650003700361700002700398700003600425160319s9999 xx 000 0 und d a9715692354 bR627f 1996 aRizal, Jose aEl Filibusterismo : bsubversion : a sequel to Noli Me Tangere. c Rizal Jose ; edited by Raul L. Locsin ; translated by Ma. Soledad Lacson-Locsin. aMakati City : bBookmark, c1996 axviii, 342 pages : billustrations : c24 cm. aEl Filibusterismo. aRizal y Alonzo, Jose, 1861-1869. a Locsin, Raul L., ed.  aLacson-Locsin, Ma. Soledad, ed.